| 000 | 00883nam a2200265 a 4500 | ||
|---|---|---|---|
| 001 | 75907 | ||
| 003 | BD-RjUL | ||
| 005 | 20211209082748.0 | ||
| 008 | 190912s1925 maua b 000 0 eng d | ||
| 035 | _aOCLC ocm09649665 from D970502M | ||
| 035 | _a(BD-RjUL)76126 | ||
| 040 |
_aCNO _cCNO _dOCL _dEQO _dBD-RjUL _beng |
||
| 041 | _aeng | ||
| 082 |
_223 _a338.516 _bFOP 1925 |
||
| 100 | 1 |
_aFoster, William Trufant, _d1879-1950. _9232865 |
|
| 245 | 1 | 0 |
_aProfits / _cby William Trufant Foster and Waddill Catchings. |
| 260 |
_aBoston : _bH. Mifflin, _c1925. |
||
| 300 |
_axxii, 405 p.: _billus.; _c21 cm. |
||
| 490 | 0 |
_aPublications of the Pollak foundation for economic research, _vno. 8 |
|
| 504 | _a"Notes to all chapters": p. [419]-439. | ||
| 650 | 0 |
_aProfit. _9232866 |
|
| 650 | 0 |
_aConsumption (Economics) _9232867 |
|
| 700 | 1 |
_aCatchings, Waddill, _d1879- _9232868 |
|
| 942 |
_2ddc _cBK |
||
| 999 |
_c75907 _d75907 |
||